000 00337 a2200157 4500
001 66278
020 _a
040 _cAnchieta - Pituba
100 _aMarques, Octamar
240 1 0 _aMatemática, ensino médio
_lpor
245 1 0 _aMatemática, ensino médio
300 _a245
362 0 _a2008
650 4 _aMatemática
942 _cBK
999 _c66278
_d66278